Logo BPK

Bibliografia Prac Pracowników

Politechniki Koszalińskiej

Niektóre problemy zatrudnienia i rynku pracy w restrukturyzującej się gospodarce z uwzględnieniem specyficznych uwarunkowań występujących na rynkach lokalnych / (Rekord nr 10476)

Szczegóły MARC
000 -ETYKIETA REKORDU
podpole kontrolne o stałej długości 01006naa a2200181 i 4500
001 - NUMER KONTROLNY REKORDU
podpole kontrolne 10476
003 - IDENTYFIKATOR NUMERU KONTROLNEGO REKORDU
podpole kontrolne KOSZ 005
005 - DATA OSTATNIEJ MODYFIKACJI REKORDU
podpole kontrolne 20180426121803.0
008 - POLE O STAŁEJ DŁUGOŚCI - DANE KONTROLNE
podpole kontrolne o stałej długości 180424s1996 pl ||||f |||| 10| 0 pol d
040 ## - ŹRÓDŁO KATALOGOWANIA
Instytucja, która utworzyła rekord KOSZ 005/AR
Instytucja, która sporządziła opis KOSZ 005/AR
080 ## - UNIWERSALNA KLASYFIKACJA DZIESIĘTNA - UKD
UKD 37
100 1# - NAZWA OSOBOWA
Nazwa osobowa SILSKI, Zygmunt.
Instytucja Instytut Zarządzania i Marketingu - Politechnika Koszalińska,
Lata pracy 1993-2003
245 10 - TYTUŁ/ODPOWIEDZIALNOŚĆ
Tytuł Niektóre problemy zatrudnienia i rynku pracy w restrukturyzującej się gospodarce z uwzględnieniem specyficznych uwarunkowań występujących na rynkach lokalnych /
Pozostałe elementy strefy tytułu i oznaczenia odpowiedzialności Zygmunt Silski, Andrzej Suszyński.
655 #0 - TERMIN INDEKSOWY - OKREŚLENIE RODZAJU/FORMY DOKUMENTU
Określnie rodzaju/formy dokumentu Materiały konferencyjne.
773 0# - TYTUŁ DOKUMENTU MACIERZYSTEGO
Wyrażenie wprowadzające W :
Tytuł Problemy rozwoju społeczno-gospodarczego w procesie restrukturyzacji Pomorza Środkowego / red. nauk. Michał Jasiulewicz, Bogusław Polak. -
Adres wydawniczy Koszalin : Wydaw. Uczelniane Politechniki Koszalińskiej, 1996. -
Informacje dotyczące relacji s. 111-115
700 ## - HASŁO DODATKOWE - NAZWA OSOBOWA
Nazwa osobowa SUSZYŃSKI, Andrzej.
Lata pracy 1996 - .
Instytucja Politechnika Koszalińska - Instytut Zarządzania i Marketingu.
942 ## - HASŁO DODATKOWE - ELEMENTY(KOHA)
Typ dokumentu Rozdział
Schemat klasyfikacji Uniwersalna klasyfikacja dziesiętna

Brak dostępnych egzemplarzy.

© 2014 Biblioteka Politechniki Koszalińskiej :: BIBLIOGRAFIA PRAC PRACOWNIKÓW